[Event "Oberpfalz-ch M3"]
[Site "Roding"]
[Date "2010.03.30"]
[Round "7"]
[White "Trautner, Armin"]
[Black "Hornauer, Sebastian"]
[Result "1-0"]
[WhiteElo "1088"]
[BlackElo "775"]
[PlyCount "93"]
[EventDate "2010.03.27"]
[EventType "swiss"]
[EventRounds "8"]
[EventCountry "GER"]
[SourceTitle "EXT 2012"]
[Source "ChessBase"]
[SourceDate "2011.11.24"]
[SourceVersion "1"]
[SourceVersionDate "2011.11.24"]
[SourceQuality "1"]

1. e4 e5 2. Nf3 Nc6 3. Bb5 a6 4. Bxc6 dxc6 5. Nxe5 Qh4 6. Qf3 Nf6 7. d3 Bb4+ 8. c3 Bg4 9. Nxg4 Nxg4 10. cxb4 Ne5 11. Qg3 Qxg3 12. fxg3 Nxd3+ 13. Kd2 Nf2 14. Rf1 Nxe4+ 15. Kc2 0-0 16. Bf4 Rac8 17. Nd2 g5 18. Nxe4 gxf4 19. Rxf4 f5 20. Nc5 b6 21. Nd3 Rce8 22. Re1 Rd8 23. Re5 c5 24. bxc5 bxc5 25. Rxc5 c6 26. Rcxf5 Rde8 27. Rxf8+ Rxf8 28. Rxf8+ Kxf8 29. Nb4 c5 30. Nxa6 c4 31. Kc3 h5 32. a4 Kg7 33. Nc5 Kg6 34. a5 Kg5 35. a6 h4 36. gxh4+ Kxh4 37. a7 Kg5 38. a8Q Kf4 39. Qe4+ Kg5 40. Kd4 c3 41. bxc3 Kf6 42. Qe5+ Kf7 43. Ke4 Kg8 44. Kf5 Kh7 45. Qf6 Kg8 46. Ne6 Kh7 47. Qg7# 1-0

[Event "Oberpfalz-ch M3"]
[Site "Roding"]
[Date "2010.03.27"]
[Round "1"]
[White "Meier, Christian"]
[Black "Hornauer, Sebastian"]
[Result "1-0"]
[WhiteElo "1299"]
[BlackElo "775"]
[PlyCount "32"]
[EventDate "2010.03.27"]
[EventType "swiss"]
[EventRounds "8"]
[EventCountry "GER"]
[SourceTitle "EXT 2012"]
[Source "ChessBase"]
[SourceDate "2011.11.24"]
[SourceVersion "1"]
[SourceVersionDate "2011.11.24"]
[SourceQuality "1"]

1. e4 e5 2. Nf3 Nc6 3. Bc4 d5 4. Bxd5 Bb4 5. c3 Bc5 6. Qb3 Qh4 7. Nxh4 Nf6 8. Bxf7+ Kf8 9. d3 a5 10. 0-0 a4 11. Qc4 a3 12. Qxc5+ Kxf7 13. Nxa3 Ra5 14. Qe3 Nb4 15. cxb4 Ng4 16. Qf3+ Ke6 1-0